[Event "ODJM B 2024"]
[Site "Willingen GER"]
[Date "2024.05.19"]
[Round "2"]
[White "Tomi, Emilian"]
[Black "Schmidt, Jan"]
[Result "1-0"]
[Termination "normal"]
[Board "22"]
[WhiteElo "1649"]
[BlackElo "1663"]
[WhiteClock "00:51:17"]
[BlackClock "00:47:20"]
[PlyCount "86"]
[WhiteFideId "34651829"]
[BlackFideId "34625682"]
[EventCountry "GER"]
[EventRounds "9"]
[EventType "swiss"]
[EventDate "2024.05.18"]

1. e4 {[%clk 01:30:59]} c6 {[%clk 01:30:56]} {[%emt 00:00:05]} 2. Nf3 {[%clk
01:31:22]} {[%emt 00:00:07]} d5 {[%clk 01:31:18]} {[%emt 00:00:08]} 3. Nc3
{[%clk 01:31:48]} {[%emt 00:00:03]} dxe4 {[%clk 01:31:35]} {[%emt 00:00:14]} 4.
Nxe4 {[%clk 01:32:11]} {[%emt 00:00:07]} Nf6 {[%clk 01:31:55]} {[%emt
00:00:10]} 5. Qe2 {[%clk 01:32:34]} {[%emt 00:00:07]} Nxe4 {[%clk 01:31:41]}
{[%emt 00:00:43]} 6. Qxe4 {[%clk 01:32:57]} {[%emt 00:00:07]} Qd5 {[%clk
01:31:39]} {[%emt 00:00:32]} 7. Qxd5 {[%clk 01:31:06]} {[%emt 00:02:21]} cxd5
{[%clk 01:31:56]} {[%emt 00:00:13]} 8. d4 {[%clk 01:31:31]} {[%emt 00:00:06]}
Bf5 {[%clk 01:31:31]} {[%emt 00:00:51]} 9. Ne5 {[%clk 01:25:19]} {[%emt
00:06:46]} Nc6 {[%clk 01:28:40]} {[%emt 00:03:21]} 10. Bb5 {[%clk 01:25:39]}
{[%emt 00:00:10]} Rc8 {[%clk 01:28:48]} {[%emt 00:00:21]} 11. c3 {[%clk
01:25:39]} {[%emt 00:00:31]} f6 {[%clk 01:24:41]} {[%emt 00:04:37]} 12. Nf3
{[%clk 01:23:16]} {[%emt 00:02:53]} a6 {[%clk 01:24:37]} {[%emt 00:00:34]} 13.
Ba4 {[%clk 01:22:26]} {[%emt 00:01:20]} Bd3 {[%clk 01:22:01]} {[%emt 00:03:06]}
14. Bf4 {[%clk 01:20:52]} {[%emt 00:02:04]} b5 {[%clk 01:20:05]} {[%emt
00:02:26]} 15. Bb3 {[%clk 01:19:05]} {[%emt 00:02:17]} Be4 {[%clk 01:18:39]}
{[%emt 00:01:56]} 16. Nd2 {[%clk 01:06:49]} {[%emt 00:12:45]} Bxg2 {[%clk
01:17:13]} {[%emt 00:01:57]} 17. Rg1 {[%clk 01:07:11]} {[%emt 00:00:08]} Be4
{[%clk 01:17:02]} {[%emt 00:00:40]} 18. Nxe4 {[%clk 01:07:34]} {[%emt
00:00:07]} dxe4 {[%clk 01:17:14]} {[%emt 00:00:18]} 19. Bd5 {[%clk 01:07:54]}
{[%emt 00:00:10]} e5 {[%clk 01:02:32]} {[%emt 00:15:13]} 20. Bxc6+ {[%clk
01:06:59]} {[%emt 00:01:24]} Rxc6 {[%clk 01:00:55]} {[%emt 00:02:07]} 21. dxe5
{[%clk 01:07:24]} {[%emt 00:00:06]} fxe5 {[%clk 01:01:07]} {[%emt 00:00:18]}
22. Bxe5 {[%clk 01:07:47]} {[%emt 00:00:07]} Re6 {[%clk 01:01:19]} {[%emt
00:00:17]} 23. Bd4 {[%clk 01:06:59]} {[%emt 00:01:19]} Rg8 {[%clk 00:58:40]}
{[%emt 00:03:06]} 24. O-O-O {[%clk 01:04:07]} {[%emt 00:03:24]} g6 {[%clk
00:57:47]} {[%emt 00:01:23]} 25. Rde1 {[%clk 01:01:08]} {[%emt 00:03:29]} Bh6+
{[%clk 00:57:08]} {[%emt 00:01:09]} 26. Kc2 {[%clk 01:01:16]} {[%emt 00:00:22]}
Kf7 {[%clk 00:56:27]} {[%emt 00:01:11]} 27. Rg4 {[%clk 00:58:47]} {[%emt
00:02:59]} e3 {[%clk 00:54:27]} {[%emt 00:02:31]} 28. fxe3 {[%clk 00:58:11]}
{[%emt 00:01:06]} Bg7 {[%clk 00:53:15]} {[%emt 00:01:42]} 29. Rh4 {[%clk
00:54:54]} {[%emt 00:03:47]} Bxd4 {[%clk 00:53:16]} {[%emt 00:00:28]} 30. cxd4
{[%clk 00:55:18]} {[%emt 00:00:06]} Rc8+ {[%clk 00:53:10]} {[%emt 00:00:35]}
31. Kd3 {[%clk 00:55:33]} {[%emt 00:00:14]} Kg7 {[%clk 00:53:30]} {[%emt
00:00:11]} 32. Rf4 {[%clk 00:55:13]} {[%emt 00:00:51]} Rce8 {[%clk 00:53:20]}
{[%emt 00:00:40]} 33. e4 {[%clk 00:54:15]} {[%emt 00:01:29]} Rf6 {[%clk
00:52:41]} {[%emt 00:01:09]} 34. Rxf6 {[%clk 00:50:19]} {[%emt 00:04:26]} Kxf6
{[%clk 00:52:58]} {[%emt 00:00:12]} 35. e5+ {[%clk 00:50:35]} {[%emt 00:00:14]}
Ke7 {[%clk 00:52:17]} {[%emt 00:01:11]} 36. Ke4 {[%clk 00:50:48]} {[%emt
00:00:17]} Rc8 {[%clk 00:52:21]} {[%emt 00:00:26]} 37. Re2 {[%clk 00:50:55]}
{[%emt 00:00:24]} Ke6 {[%clk 00:52:14]} {[%emt 00:00:37]} 38. Rf2 {[%clk
00:49:45]} {[%emt 00:01:40]} Ke7 {[%clk 00:47:26]} {[%emt 00:05:16]} 39. b3
{[%clk 00:50:04]} {[%emt 00:00:13]} Rc6 {[%clk 00:47:30]} {[%emt 00:00:26]} 40.
d5 {[%clk 00:50:17]} {[%emt 00:00:16]} Rb6 {[%clk 00:47:30]} {[%emt 00:00:30]}
41. d6+ {[%clk 00:50:34]} {[%emt 00:00:14]} Ke8 {[%clk 00:47:35]} {[%emt
00:00:24]} 42. Kd5 {[%clk 00:50:57]} {[%emt 00:00:08]} Rb7 {[%clk 00:47:39]}
{[%emt 00:00:26]} 43. e6 {[%clk 00:51:17]} {[%emt 00:00:10]} Rg7 {[%clk
00:47:20]} {[%emt 00:00:48]} 1-0

[Event "ODJM B 2024"]
[Site "Willingen GER"]
[Date "2024.05.19"]
[Round "2"]
[White "Schönherr, Stijn"]
[Black "Frank, Carolin"]
[Result "1-0"]
[Termination "normal"]
[Board "23"]
[WhiteElo "1601"]
[BlackElo "1766"]
[WhiteClock "00:48:38"]
[BlackClock "00:11:28"]
[PlyCount "45"]
[WhiteFideId "34611622"]
[BlackFideId "16207190"]
[EventCountry "GER"]
[EventRounds "9"]
[EventType "swiss"]
[EventDate "2024.05.18"]

1. e4 {[%clk 01:30:57]} {[%emt 00:00:02]} c6 {[%clk 01:30:55]} {[%emt
00:00:05]} 2. d4 {[%emt 00:00:13]} d5 {[%clk 01:31:17]} 3. e5 {[%clk 01:31:46]}
{[%emt 00:00:05]} Bf5 {[%clk 01:31:25]} {[%emt 00:00:22]} 4. Bd3 {[%clk
01:31:49]} {[%emt 00:00:27]} Bxd3 {[%clk 01:31:29]} {[%emt 00:00:27]} 5. Qxd3
{[%clk 01:32:13]} {[%emt 00:00:07]} e6 {[%clk 01:31:24]} {[%emt 00:00:34]} 6.
Ne2 {[%clk 01:32:28]} {[%emt 00:00:15]} Ne7 {[%clk 01:28:17]} {[%emt 00:03:37]}
7. Ng3 {[%clk 01:30:06]} {[%emt 00:02:52]} Qb6 {[%clk 01:13:16]} {[%emt
00:15:30]} 8. c3 {[%clk 01:29:51]} {[%emt 00:00:46]} Nd7 {[%clk 01:07:19]}
{[%emt 00:06:27]} 9. O-O {[%clk 01:20:31]} {[%emt 00:09:49]} c5 {[%clk
01:02:28]} {[%emt 00:05:21]} 10. Rd1 {[%clk 01:19:45]} {[%emt 00:01:16]} Nc6
{[%clk 00:57:49]} {[%emt 00:05:10]} 11. a3 {[%clk 01:16:06]} {[%emt 00:04:10]}
a5 {[%clk 00:51:29]} {[%emt 00:06:49]} 12. a4 {[%clk 01:15:23]} {[%emt
00:01:13]} Rc8 {[%clk 00:46:52]} {[%emt 00:05:07]} 13. Na3 {[%clk 01:13:23]}
{[%emt 00:02:30]} Be7 {[%clk 00:34:43]} {[%emt 00:12:39]} 14. Nb5 {[%clk
01:13:23]} {[%emt 00:00:30]} cxd4 {[%clk 00:33:39]} {[%emt 00:01:33]} 15. cxd4
{[%clk 01:13:19]} {[%emt 00:00:35]} Nb4 {[%clk 00:32:37]} {[%emt 00:01:32]} 16.
Qf3 {[%clk 01:07:28]} {[%emt 00:06:21]} g6 {[%clk 00:21:08]} {[%emt 00:11:58]}
17. Be3 {[%clk 01:05:22]} {[%emt 00:02:36]} Nc2 {[%clk 00:20:15]} {[%emt
00:01:23]} 18. Rac1 {[%clk 01:05:34]} {[%emt 00:00:18]} Rc4 {[%clk 00:18:59]}
{[%emt 00:01:47]} 19. b3 {[%clk 00:52:54]} {[%emt 00:13:10]} Nxe3 {[%clk
00:16:23]} {[%emt 00:03:06]} 20. bxc4 {[%clk 00:53:10]} {[%emt 00:00:14]} Nxd1
{[%clk 00:16:43]} {[%emt 00:00:09]} 21. cxd5 {[%clk 00:49:21]} {[%emt
00:04:20]} Nxf2 {[%clk 00:11:05]} {[%emt 00:06:08]} 22. Rc8+ {[%clk 00:48:49]}
{[%emt 00:01:02]} Bd8 {[%clk 00:11:28]} {[%emt 00:00:06]} 23. Nd6+ {[%clk
00:48:38]} {[%emt 00:00:41]} 1-0

[Event "ODJM B 2024"]
[Site "Willingen GER"]
[Date "2024.05.19"]
[Round "2"]
[White "Wilmink, Luca"]
[Black "Hendler, Maximilian"]
[Result "0-1"]
[Termination "normal"]
[Board "24"]
[WhiteElo "1737"]
[BlackElo "1616"]
[WhiteClock "01:15:58"]
[BlackClock "00:54:52"]
[PlyCount "92"]
[WhiteFideId "16245253"]
[BlackFideId "34616500"]
[EventCountry "GER"]
[EventRounds "9"]
[EventType "swiss"]
[EventDate "2024.05.18"]

1. e4 {[%clk 01:30:56]} {[%emt 00:00:03]} c5 {[%clk 01:30:54]} {[%emt
00:00:06]} 2. Nf3 {[%clk 01:30:56]} {[%emt 00:00:30]} d6 {[%clk 01:31:18]}
{[%emt 00:00:07]} 3. d4 {[%clk 01:30:20]} {[%emt 00:01:06]} cxd4 {[%clk
01:31:41]} {[%emt 00:00:07]} 4. Nxd4 {[%clk 01:30:43]} {[%emt 00:00:07]} Nf6
{[%clk 01:32:02]} {[%emt 00:00:09]} 5. Nc3 {[%clk 01:30:44]} {[%emt 00:00:29]}
g6 {[%clk 01:32:05]} {[%emt 00:00:27]} 6. Be2 {[%clk 01:29:36]} {[%emt
00:01:37]} Bg7 {[%clk 01:32:04]} {[%emt 00:00:32]} 7. Be3 {[%clk 01:29:31]}
{[%emt 00:00:35]} O-O {[%clk 01:31:48]} {[%emt 00:00:45]} 8. Qd2 {[%clk
01:28:52]} {[%emt 00:01:09]} Nc6 {[%clk 01:31:27]} {[%emt 00:00:51]} 9. Bh6
{[%clk 01:27:07]} {[%emt 00:02:16]} Bxh6 {[%clk 01:31:29]} {[%emt 00:00:28]}
10. Qxh6 {[%clk 01:26:58]} {[%emt 00:00:38]} Nxd4 {[%clk 01:31:46]} {[%emt
00:00:14]} 11. h4 {[%clk 01:23:57]} {[%emt 00:03:31]} Nxe2 {[%clk 01:30:12]}
{[%emt 00:02:03]} 12. Kxe2 {[%clk 01:24:08]} {[%emt 00:00:19]} Ng4 {[%clk
01:25:08]} {[%emt 00:05:34]} 13. Qd2 {[%clk 01:24:15]} {[%emt 00:00:20]} h5
{[%clk 01:24:49]} {[%emt 00:00:53]} 14. f3 {[%clk 01:23:32]} {[%emt 00:01:13]}
Nf6 {[%clk 01:24:49]} {[%emt 00:00:31]} 15. Rag1 {[%clk 01:23:32]} {[%emt
00:00:29]} Kg7 {[%clk 01:22:37]} {[%emt 00:02:41]} 16. Qd4 {[%clk 01:23:04]}
{[%emt 00:00:58]} Qb6 {[%clk 01:22:25]} {[%emt 00:00:42]} 17. Qd2 {[%clk
01:22:40]} {[%emt 00:00:55]} Be6 {[%clk 01:20:23]} {[%emt 00:02:31]} 18. b3
{[%clk 01:21:17]} {[%emt 00:01:53]} Rac8 {[%clk 01:20:09]} {[%emt 00:00:44]}
19. Nd5 {[%clk 01:20:42]} {[%emt 00:01:04]} Nxd5 {[%clk 01:19:05]} {[%emt
00:01:36]} 20. exd5 {[%clk 01:20:42]} {[%emt 00:00:30]} Bd7 {[%clk 01:05:47]}
{[%emt 00:13:48]} 21. g4 {[%clk 01:20:45]} {[%emt 00:00:27]} Rh8 {[%clk
01:05:50]} {[%emt 00:00:27]} 22. c4 {[%clk 01:19:42]} {[%emt 00:01:33]} Rce8
{[%clk 01:02:03]} {[%emt 00:04:17]} 23. Qg5 {[%clk 01:18:43]} {[%emt 00:01:27]}
f6 {[%clk 00:59:45]} {[%emt 00:02:50]} 24. Qd2 {[%clk 01:17:34]} {[%emt
00:01:38]} e6 {[%clk 00:59:37]} {[%emt 00:00:39]} 25. Qc2 {[%clk 01:16:19]}
{[%emt 00:01:44]} exd5+ {[%clk 00:58:58]} {[%emt 00:01:10]} 26. Kd1 {[%clk
01:16:36]} {[%emt 00:00:12]} Qd4+ {[%clk 00:56:53]} {[%emt 00:02:35]} 27. Kc1
{[%clk 01:16:35]} {[%emt 00:00:31]} Qe3+ {[%clk 00:56:17]} {[%emt 00:01:06]}
28. Kb2 {[%clk 01:16:51]} {[%emt 00:00:14]} Qe2 {[%clk 00:56:23]} {[%emt
00:00:24]} 29. Qxe2 {[%clk 01:17:12]} {[%emt 00:00:10]} Rxe2+ {[%clk 00:56:44]}
{[%emt 00:00:08]} 30. Kc3 {[%clk 01:17:28]} {[%emt 00:00:14]} hxg4 {[%clk
00:56:30]} {[%emt 00:00:44]} 31. fxg4 {[%clk 01:17:35]} {[%emt 00:00:23]} dxc4
{[%clk 00:56:33]} {[%emt 00:00:28]} 32. bxc4 {[%clk 01:17:41]} {[%emt
00:00:24]} Re4 {[%clk 00:56:17]} {[%emt 00:00:46]} 33. Rd1 {[%clk 01:17:14]}
{[%emt 00:00:57]} Rxg4 {[%clk 00:56:24]} {[%emt 00:00:22]} 34. Rxd6 {[%clk
01:17:31]} {[%emt 00:00:13]} Bc6 {[%clk 00:56:46]} {[%emt 00:00:08]} 35. Rf1
{[%clk 01:17:46]} {[%emt 00:00:15]} f5 {[%clk 00:56:02]} {[%emt 00:01:15]} 36.
Re1 {[%clk 01:17:31]} {[%emt 00:00:43]} Re8 {[%clk 00:56:12]} {[%emt 00:00:21]}
37. Red1 {[%emt 00:00:51]} Re3+ {[%clk 00:55:55]} {[%emt 00:00:46]} 38. Kb4
{[%clk 01:17:28]} {[%emt 00:00:13]} Ree4 {[%clk 00:55:48]} {[%emt 00:00:38]}
39. Rc1 {[%clk 01:16:58]} {[%emt 00:00:59]} a5+ {[%clk 00:55:30]} {[%emt
00:00:50]} 40. Kc5 {[%clk 01:16:40]} {[%emt 00:00:46]} Rxh4 {[%clk 00:54:56]}
{[%emt 00:01:05]} 41. Rd3 {[%clk 01:16:24]} {[%emt 00:00:43]} f4 {[%clk
00:54:20]} {[%emt 00:01:08]} 42. Kb6 {[%clk 01:15:09]} {[%emt 00:01:45]} Re3
{[%clk 00:53:51]} {[%emt 00:00:59]} 43. Rd4 {[%clk 01:15:14]} {[%emt 00:00:25]}
Re4 {[%clk 00:53:56]} {[%emt 00:00:25]} 44. Rd3 {[%clk 01:15:34]} {[%emt
00:00:10]} f3 {[%clk 00:54:19]} {[%emt 00:00:07]} 45. Rxf3 {[%clk 01:15:50]}
{[%emt 00:00:14]} Rxc4 {[%clk 00:54:35]} {[%emt 00:00:14]} 46. Rg3 {[%clk
01:15:58]} {[%emt 00:00:22]} Rxc1 {[%clk 00:54:52]} {[%emt 00:00:13]} 0-1

[Event "ODJM B 2024"]
[Site "Willingen GER"]
[Date "2024.05.19"]
[Round "2"]
[White "De Cauter, Leah"]
[Black "Törpel, Cedrik"]
[Result "1/2-1/2"]
[Termination "normal"]
[Board "25"]
[WhiteElo "1617"]
[BlackElo "1779"]
[WhiteClock "00:27:49"]
[BlackClock "00:27:13"]
[PlyCount "83"]
[WhiteFideId "16222350"]
[BlackFideId "34660380"]
[EventCountry "GER"]
[EventRounds "9"]
[EventType "swiss"]
[EventDate "2024.05.18"]

1. c4 {[%clk 01:30:55]} {[%emt 00:00:04]} Nf6 {[%clk 01:30:30]} {[%emt
00:00:30]} 2. g3 {[%clk 01:31:05]} {[%emt 00:00:20]} g6 {[%clk 01:28:16]}
{[%emt 00:02:44]} 3. Bg2 {[%clk 01:31:18]} {[%emt 00:00:17]} Bg7 {[%clk
01:28:41]} {[%emt 00:00:05]} 4. Nc3 {[%clk 01:29:10]} {[%emt 00:02:37]} O-O
{[%clk 01:26:20]} {[%emt 00:02:52]} 5. Nf3 {[%clk 01:26:48]} {[%emt 00:02:52]}
d6 {[%clk 01:24:24]} {[%emt 00:02:26]} 6. d4 {[%clk 01:19:59]} {[%emt
00:07:19]} c5 {[%clk 01:21:28]} {[%emt 00:03:26]} 7. O-O {[%clk 01:10:09]}
{[%emt 00:10:20]} Nbd7 {[%clk 01:06:03]} {[%emt 00:15:56]} 8. e3 {[%clk
01:04:45]} {[%emt 00:05:53]} Rb8 {[%clk 00:57:31]} {[%emt 00:09:03]} 9. b3
{[%clk 00:39:15]} {[%emt 00:25:59]} a6 {[%clk 00:51:48]} {[%emt 00:06:13]} 10.
a4 {[%clk 00:31:31]} {[%emt 00:08:14]} Qc7 {[%clk 00:45:21]} {[%emt 00:06:56]}
11. Bb2 {[%clk 00:27:03]} {[%emt 00:04:58]} Re8 {[%clk 00:42:50]} {[%emt
00:03:02]} 12. Re1 {[%clk 00:25:23]} {[%emt 00:02:10]} b6 {[%clk 00:41:04]}
{[%emt 00:02:16]} 13. d5 {[%clk 00:22:15]} {[%emt 00:03:38]} e6 {[%clk
00:31:54]} {[%emt 00:09:39]} 14. e4 {[%clk 00:21:32]} {[%emt 00:01:13]} exd5
{[%clk 00:31:20]} {[%emt 00:01:05]} 15. exd5 {[%clk 00:15:00]} {[%emt
00:07:02]} Bb7 {[%clk 00:25:22]} {[%emt 00:06:28]} 16. Qc2 {[%clk 00:14:49]}
{[%emt 00:00:38]} Ng4 {[%clk 00:23:29]} {[%emt 00:02:26]} 17. h3 {[%clk
00:12:09]} {[%emt 00:03:12]} Nge5 {[%clk 00:23:47]} {[%emt 00:00:10]} 18. Ne4
{[%clk 00:09:50]} {[%emt 00:02:48]} Nxf3+ {[%clk 00:21:32]} {[%emt 00:02:45]}
19. Bxf3 {[%clk 00:10:06]} {[%emt 00:00:15]} Ne5 {[%clk 00:21:43]} {[%emt
00:00:19]} 20. Bg2 {[%clk 00:10:05]} {[%emt 00:00:31]} Re7 {[%clk 00:19:57]}
{[%emt 00:02:16]} 21. Rab1 {[%clk 00:06:41]} {[%emt 00:03:54]} Rbe8 {[%clk
00:18:08]} {[%emt 00:02:19]} 22. f4 {[%clk 00:06:55]} {[%emt 00:00:16]} Nd7
{[%clk 00:16:20]} {[%emt 00:02:17]} 23. Bxg7 {[%clk 00:07:09]} {[%emt
00:00:16]} Kxg7 {[%clk 00:16:20]} {[%emt 00:00:31]} 24. Qc3+ {[%clk 00:07:25]}
{[%emt 00:00:14]} Kg8 {[%clk 00:14:59]} {[%emt 00:01:51]} 25. Kf2 {[%clk
00:06:02]} {[%emt 00:01:53]} f5 {[%clk 00:09:53]} {[%emt 00:05:36]} 26. Nf6+
{[%clk 00:05:23]} {[%emt 00:01:09]} Nxf6 {[%clk 00:10:15]} {[%emt 00:00:08]}
27. Qxf6 {[%clk 00:05:41]} {[%emt 00:00:12]} Bc8 {[%clk 00:08:05]} {[%emt
00:02:40]} 28. Rxe7 {[%clk 00:05:23]} {[%emt 00:00:47]} Qxe7 {[%clk 00:08:27]}
{[%emt 00:00:08]} 29. Qxe7 {[%clk 00:04:58]} {[%emt 00:00:55]} Rxe7 {[%clk
00:08:56]} {[%emt 00:00:02]} 30. Re1 {[%clk 00:04:59]} {[%emt 00:00:28]} Rxe1
{[%clk 00:08:31]} {[%emt 00:00:55]} 31. Kxe1 {[%clk 00:05:25]} {[%emt
00:00:04]} Bd7 {[%clk 00:06:14]} {[%emt 00:02:48]} 32. Kd2 {[%clk 00:04:23]}
{[%emt 00:01:32]} Kf7 {[%clk 00:06:12]} {[%emt 00:00:32]} 33. Bf3 {[%clk
00:04:19]} {[%emt 00:00:33]} Kf6 {[%clk 00:04:41]} {[%emt 00:02:01]} 34. Ke3
{[%clk 00:02:25]} {[%emt 00:02:24]} h6 {[%clk 00:03:23]} {[%emt 00:01:48]} 35.
h4 {[%clk 00:02:06]} {[%emt 00:00:50]} g5 {[%clk 00:01:53]} {[%emt 00:02:00]}
36. Be2 {[%clk 00:02:11]} {[%emt 00:00:24]} Be8 {[%clk 00:01:16]} {[%emt
00:01:08]} 37. Bd1 {[%clk 00:02:03]} {[%emt 00:00:37]} gxh4 {[%clk 00:00:49]}
{[%emt 00:00:57]} 38. gxh4 {[%clk 00:02:24]} {[%emt 00:00:10]} Ke7 {[%clk
00:00:56]} {[%emt 00:00:23]} 39. Kd3 {[%clk 00:02:34]} {[%emt 00:00:20]} Kd7
{[%clk 00:00:47]} {[%emt 00:00:39]} 40. Kc3 {[%clk 00:02:52]} {[%emt 00:00:12]}
Kc7 {[%clk 00:01:03]} {[%emt 00:00:14]} 41. Bc2 {[%clk 00:27:49]} {[%emt
00:05:33]} Bd7 {[%clk 00:27:13]} {[%emt 00:04:19]} 42. Bd3 {[%emt 00:07:38]}
1/2-1/2

[Event "ODJM B 2024"]
[Site "Willingen GER"]
[Date "2024.05.19"]
[Round "2"]
[White "Fischer, Lorenz"]
[Black "Symanski, Linda"]
[Result "1-0"]
[Termination "normal"]
[Board "26"]
[WhiteElo "1714"]
[BlackElo "1542"]
[WhiteClock "00:37:54"]
[BlackClock "00:09:29"]
[PlyCount "53"]
[WhiteFideId "16296710"]
[BlackFideId "16284534"]
[EventCountry "GER"]
[EventRounds "9"]
[EventType "swiss"]
[EventDate "2024.05.18"]

1. d4 {[%clk 01:30:58]} {[%emt 00:00:01]} d5 {[%clk 01:30:55]} {[%emt
00:00:06]} 2. Nf3 {[%clk 01:31:19]} {[%emt 00:00:10]} Nf6 {[%clk 01:31:19]}
{[%emt 00:00:06]} 3. e3 {[%clk 01:31:43]} {[%emt 00:00:05]} c6 {[%clk
01:31:43]} {[%emt 00:00:06]} 4. c4 {[%clk 01:32:00]} {[%emt 00:00:13]} e6
{[%clk 01:30:45]} {[%emt 00:01:28]} 5. Bd3 {[%clk 01:29:39]} {[%emt 00:02:51]}
dxc4 {[%clk 01:28:46]} {[%emt 00:02:29]} 6. Bxc4 {[%clk 01:30:02]} {[%emt
00:00:07]} Nbd7 {[%clk 01:28:47]} {[%emt 00:00:30]} 7. Nc3 {[%clk 01:29:01]}
{[%emt 00:01:31]} Be7 {[%clk 01:25:57]} {[%emt 00:03:20]} 8. O-O {[%clk
01:26:50]} {[%emt 00:02:40]} O-O {[%clk 01:25:14]} {[%emt 00:01:13]} 9. a3
{[%clk 01:24:37]} {[%emt 00:02:43]} Nb6 {[%clk 01:17:40]} {[%emt 00:08:04]} 10.
Bd3 {[%clk 01:23:08]} {[%emt 00:01:59]} Qc7 {[%clk 01:15:57]} {[%emt 00:02:14]}
11. b3 {[%clk 01:17:30]} {[%emt 00:06:07]} Nbd5 {[%clk 01:13:16]} {[%emt
00:03:11]} 12. Bb2 {[%clk 01:12:23]} {[%emt 00:05:37]} Rd8 {[%clk 01:07:23]}
{[%emt 00:06:23]} 13. Rc1 {[%clk 01:08:51]} {[%emt 00:04:02]} a5 {[%clk
00:57:53]} {[%emt 00:10:00]} 14. Na4 {[%clk 01:03:33]} {[%emt 00:05:47]} Nb6
{[%clk 00:44:44]} {[%emt 00:13:39]} 15. Nc5 {[%clk 00:59:49]} {[%emt 00:04:15]}
Nbd7 {[%clk 00:42:45]} {[%emt 00:02:29]} 16. Nxd7 {[%clk 00:57:48]} {[%emt
00:02:31]} Nxd7 {[%clk 00:39:32]} {[%emt 00:03:43]} 17. Bb1 {[%clk 00:53:54]}
{[%emt 00:04:24]} Nf6 {[%clk 00:34:40]} {[%emt 00:05:21]} 18. Qc2 {[%clk
00:53:41]} {[%emt 00:00:44]} h6 {[%clk 00:30:53]} {[%emt 00:04:17]} 19. Ne5
{[%clk 00:52:26]} {[%emt 00:01:45]} h5 {[%clk 00:25:35]} {[%emt 00:05:48]} 20.
f4 {[%clk 00:52:06]} {[%emt 00:00:50]} Bd6 {[%clk 00:20:26]} {[%emt 00:05:38]}
21. h3 {[%clk 00:49:49]} {[%emt 00:02:47]} g6 {[%clk 00:18:58]} {[%emt
00:01:58]} 22. Rf3 {[%clk 00:44:14]} {[%emt 00:06:06]} Kf8 {[%clk 00:16:18]}
{[%emt 00:03:10]} 23. g4 {[%clk 00:42:21]} {[%emt 00:02:23]} Ke8 {[%clk
00:13:03]} {[%emt 00:03:45]} 24. gxh5 {[%clk 00:38:45]} {[%emt 00:04:06]} Nxh5
{[%clk 00:12:25]} {[%emt 00:01:07]} 25. Qg2 {[%clk 00:38:04]} {[%emt 00:01:11]}
Bxe5 {[%clk 00:10:58]} {[%emt 00:01:57]} 26. fxe5 {[%clk 00:38:13]} {[%emt
00:00:21]} Rd7 {[%clk 00:09:29]} {[%emt 00:02:00]} 27. Bxg6 {[%clk 00:37:54]}
{[%emt 00:00:49]} 1-0

[Event "ODJM B 2024"]
[Site "Willingen GER"]
[Date "2024.05.19"]
[Round "2"]
[White "Jähnert, Jamie Mares"]
[Black "Ziem, Ole"]
[Result "0-1"]
[Termination "normal"]
[Board "27"]
[WhiteElo "1503"]
[BlackElo "1636"]
[WhiteClock "01:04:57"]
[BlackClock "01:19:18"]
[PlyCount "46"]
[WhiteFideId "34609156"]
[BlackFideId "34624791"]
[EventCountry "GER"]
[EventRounds "9"]
[EventType "swiss"]
[EventDate "2024.05.18"]

1. e4 {[%clk 01:30:59]} e5 {[%clk 01:30:47]} {[%emt 00:00:14]} 2. Nf3 {[%clk
01:31:19]} {[%emt 00:00:10]} Nc6 {[%clk 01:30:58]} {[%emt 00:00:19]} 3. Bb5
{[%clk 01:31:41]} {[%emt 00:00:08]} a6 {[%clk 01:30:58]} {[%emt 00:00:30]} 4.
Ba4 {[%clk 01:31:42]} {[%emt 00:00:29]} Nf6 {[%clk 01:30:49]} {[%emt 00:00:38]}
5. O-O {[%clk 01:30:21]} {[%emt 00:01:51]} Be7 {[%clk 01:30:25]} {[%emt
00:00:54]} 6. Re1 {[%clk 01:30:15]} {[%emt 00:00:37]} b5 {[%clk 01:30:40]}
{[%emt 00:00:15]} 7. Bb3 {[%clk 01:30:38]} {[%emt 00:00:07]} O-O {[%clk
01:30:53]} {[%emt 00:00:16]} 8. d4 {[%clk 01:29:54]} {[%emt 00:01:15]} d6
{[%clk 01:30:43]} {[%emt 00:00:40]} 9. c3 {[%clk 01:27:11]} {[%emt 00:03:13]}
Bg4 {[%clk 01:29:39]} {[%emt 00:01:34]} 10. d5 {[%clk 01:24:00]} {[%emt
00:03:41]} Na5 {[%clk 01:29:31]} {[%emt 00:00:38]} 11. Bc2 {[%clk 01:24:12]}
{[%emt 00:00:17]} Nc4 {[%clk 01:28:12]} {[%emt 00:01:49]} 12. b3 {[%clk
01:22:37]} {[%emt 00:02:06]} Nb6 {[%clk 01:28:36]} {[%emt 00:00:05]} 13. Be3
{[%clk 01:22:08]} {[%emt 00:00:59]} Qd7 {[%clk 01:27:39]} {[%emt 00:01:28]} 14.
Bxb6 {[%clk 01:21:34]} {[%emt 00:01:04]} cxb6 {[%clk 01:28:02]} {[%emt
00:00:07]} 15. Qd3 {[%clk 01:20:35]} {[%emt 00:01:29]} Rac8 {[%clk 01:26:20]}
{[%emt 00:02:11]} 16. c4 {[%clk 01:11:39]} {[%emt 00:09:26]} Bxf3 {[%clk
01:25:46]} {[%emt 00:01:04]} 17. Qxf3 {[%clk 01:10:04]} {[%emt 00:02:05]} bxc4
{[%clk 01:24:54]} {[%emt 00:01:23]} 18. bxc4 {[%clk 01:10:19]} {[%emt
00:00:14]} b5 {[%clk 01:25:07]} {[%emt 00:00:18]} 19. Nd2 {[%clk 01:08:55]}
{[%emt 00:01:53]} bxc4 {[%clk 01:24:25]} {[%emt 00:01:11]} 20. Qc3 {[%clk
01:07:45]} {[%emt 00:01:42]} Qc7 {[%clk 01:24:03]} {[%emt 00:00:52]} 21. Ba4
{[%clk 01:07:02]} {[%emt 00:01:12]} Nd7 {[%clk 01:21:20]} {[%emt 00:03:13]} 22.
Rac1 {[%clk 01:06:30]} {[%emt 00:01:02]} Nc5 {[%clk 01:19:50]} {[%emt
00:02:01]} 23. Qxc4 {[%clk 01:04:57]} {[%emt 00:02:03]} Qa5 {[%clk 01:19:18]}
{[%emt 00:01:02]} 0-1